| 000 | 01520nam a22002537i 4500 | ||
|---|---|---|---|
| 005 | 20201122121148.0 | ||
| 008 | 201122t20202020-uk||||e |||| 00| f eng d | ||
| 020 |
_a9781529123838 _cRM75.90 _qpaperback |
||
| 040 |
_aPPAK _beng _cPPAK _erda |
||
| 082 | 0 | 4 |
_223 _a823.92 |
| 090 | 0 | 0 |
_a823.92 _bCOB _dG |
| 100 | 1 |
_aCoben, Harlan, _d1962-, _eauthor. |
|
| 245 | 1 | 4 |
_aTHE BOY FROM THE WOODS / _cHarlan Coben |
| 264 | 1 |
_aLondon : _bCentury, _c2020 |
|
| 264 | 4 | _c©2020 | |
| 300 |
_a371 pages ; _c24 cm |
||
| 336 |
_2rdacontent _atext |
||
| 337 |
_2rdamedia _aunmediated |
||
| 338 |
_2rdacarrier _avolume |
||
| 520 | _aThirty years ago, a child was found in the New Jersey backwoods. He had been living a feral existence, with no memory of how he got there or even who he is. Everyone just calls him Wilde. Now a former soldier and security expert, he lives off the grid, shunned by the community - until they need him. A child has gone missing. With her family suspecting she's just playing a disappearing game, nobody seems concerned except for criminal attorney Hester Crimstein. She contacts Wilde, asking him to use his unique skills to find the girl. But even he can find no trace of her. One day passes, then a second, then a third. On the fourth, a human finger shows up in the mail.And now Wilde knows this is no game. It's a race against time to save the girl's life - and expose the town's dark trove of secrets... | ||
| 650 | 1 | 0 |
_aMissing children _vFiction |
| 650 | 2 | 0 | _aThrillers (Fiction) |
| 942 |
_2ddc _cB |
||
| 999 |
_c180043 _d180043 |
||